01030 2200229 4500001002100000005001500021035002000036245005000056100002000106300003900126856000900165260003100174082000800205084001400213020002200227600001600249520047900265990001400744990001400758990001400772990001400786INLIS00000000000322220240323125109 a0010-03240001601 aSistem Informasi Akuntansi /cAnastasia Diana0 aAnastasia Diana ax+258 hlm :bilustrasi ;c23x19 cm aumum aYogyakarta` :bAndi,c2011 a657 a657 ANA s a978-979-29-2402-2 4aIlmuTerapan aSalah satu kunci utama keberhasilan setiap perusahaan adalah tersedianya informasi akuntansi yang akurat,andal tepat waktu,dan terpercaya.Informasi semacam ini hanya bisa dihasilkan melalui sistim Informasi akuntansi yang sistimatis .komprehensif,dan tentu saja bertumpu pada standar pelaporan yang berlaku buku ini ditulis dalam rangka mengisi kekosongan berupa relatif langkahnya buku sistim informasi akuntansi yang praktis namun tidakmelupakan prinsif-prinsip akuntasi . aT20110282 aT20110283 aT20110284 aT20110285